{"text_format":"1","workbook":"xlsx","n_sheets":3,"sheets":["Formato","Instructivo de Diligenciamiento","Listas"],"not_rendered":{"charts":0,"images":3,"macros":1,"external_links":0,"defined_names":3,"comments":1,"pivot_tables":0},"unopened":[],"bounds":{"document_bytes":16777216,"sheet_cells":100000,"rows_first":2000,"rows_last":500,"rows_between":2000,"halvings":0,"cell_chars":16384,"cell_head_chars":4096},"cells_cut":0,"cells_raw":0,"read":"whole","date_system":"1900"}

{"sheet":"Formato","index":0,"n_rows":97,"n_cols":17,"rows_kept":97,"cut":false,"hidden":false,"merged":[[46,2,46,3],[46,8,46,9],[46,10,46,11],[46,16,46,17],[47,2,47,3],[47,8,47,9],[47,10,47,11],[47,16,47,17],[44,2,44,3],[44,8,44,9],[44,10,44,11],[44,16,44,17],[45,2,45,3],[45,8,45,9],[45,10,45,11],[45,16,45,17],[42,10,42,11],[42,16,42,17],[43,2,43,3],[43,8,43,9],[43,10,43,11],[43,16,43,17],[83,0,83,17],[87,1,87,4],[87,5,87,7],[87,8,87,11],[50,2,50,3],[50,8,50,9],[50,10,50,11],[50,16,50,17],[51,2,51,3],[51,8,51,9],[51,10,51,11],[51,16,51,17],[52,2,52,3],[52,8,52,9],[52,10,52,11],[52,16,52,17],[53,2,53,3],[53,8,53,9],[88,1,88,4],[88,5,88,7],[88,8,88,11],[85,1,85,4],[85,5,85,7],[85,8,85,11],[86,1,86,4],[86,5,86,7],[95,10,96,14],[95,1,95,3],[95,6,95,8],[96,1,96,3],[96,4,96,5],[96,6,96,8],[86,8,86,11],[90,1,90,3],[90,11,92,13],[93,11,93,13],[93,1,93,3],[93,6,93,8],[39,16,39,17],[80,6,80,7],[80,8,80,9],[39,10,39,11],[39,2,39,3],[39,8,39,9],[40,2,40,3],[40,8,40,9],[40,10,40,11],[40,16,40,17],[41,2,41,3],[41,8,41,9],[41,10,41,11],[41,16,41,17],[42,2,42,3],[42,8,42,9],[48,2,48,3],[48,8,48,9],[48,10,48,11],[48,16,48,17],[49,2,49,3],[49,8,49,9],[49,10,49,11],[49,16,49,17],[38,2,38,3],[38,16,38,17],[38,10,38,11],[37,10,37,17],[31,6,31,8],[31,11,31,13],[37,1,37,9],[31,1,31,2],[31,4,31,5],[31,9,31,10],[35,0,35,17],[37,0,38,0],[38,8,38,9],[29,9,29,10],[21,1,21,13],[7,3,7,9],[9,1,9,2],[9,3,9,7],[7,12,7,13],[23,1,23,2],[23,4,23,8],[19,1,19,13],[29,1,29,2],[29,11,29,13],[17,1,17,13],[29,4,29,8],[15,1,15,2],[13,1,13,13],[27,1,27,2],[27,6,27,8],[27,9,27,10],[27,11,27,13],[27,4,27,5],[1,1,1,13],[7,1,7,2],[11,1,11,2],[23,9,23,13],[25,1,25,2],[25,4,25,5],[25,6,25,8],[25,9,25,10],[25,11,25,13],[11,3,11,9],[9,10,9,11],[9,12,9,13],[2,1,2,13],[4,1,5,3],[4,10,5,11],[4,7,5,9],[4,4,5,5],[15,3,15,7],[53,10,53,11],[53,16,53,17],[54,2,54,3],[54,8,54,9],[54,10,54,11],[54,16,54,17],[55,2,55,3],[55,8,55,9],[55,10,55,11],[55,16,55,17],[56,2,56,3],[56,8,56,9],[56,10,56,11],[56,16,56,17],[57,2,57,3],[57,8,57,9],[57,10,57,11],[57,16,57,17],[58,2,58,3],[58,8,58,9],[58,10,58,11],[58,16,58,17],[59,2,59,3],[59,8,59,9],[59,10,59,11],[59,16,59,17],[60,2,60,3],[60,8,60,9],[60,10,60,11],[60,16,60,17],[61,2,61,3],[61,8,61,9],[61,10,61,11],[61,16,61,17],[62,2,62,3],[62,8,62,9],[62,10,62,11],[62,16,62,17],[63,2,63,3],[63,8,63,9],[63,10,63,11],[63,16,63,17],[64,2,64,3],[64,8,64,9],[64,10,64,11],[64,16,64,17],[65,2,65,3],[65,8,65,9],[65,10,65,11],[65,16,65,17],[66,2,66,3],[66,8,66,9],[66,10,66,11],[66,16,66,17],[67,2,67,3],[67,8,67,9],[67,10,67,11],[67,16,67,17],[68,2,68,3],[68,8,68,9],[68,10,68,11],[68,16,68,17],[69,2,69,3],[69,8,69,9],[69,10,69,11],[69,16,69,17],[70,2,70,3],[70,8,70,9],[70,10,70,11],[70,16,70,17],[71,2,71,3],[71,8,71,9],[71,10,71,11],[71,16,71,17],[72,2,72,3],[72,8,72,9],[72,10,72,11],[72,16,72,17],[73,2,73,3],[73,8,73,9],[73,10,73,11],[73,16,73,17],[77,2,77,3],[77,8,77,9],[77,10,77,11],[77,16,77,17],[78,2,78,3],[78,8,78,9],[78,10,78,11],[78,16,78,17],[74,2,74,3],[74,8,74,9],[74,10,74,11],[74,16,74,17],[75,2,75,3],[75,8,75,9],[75,10,75,11],[75,16,75,17],[76,2,76,3],[76,8,76,9],[76,10,76,11],[76,16,76,17]]}
[]
[null,"FORMATO PARA MODIFICACIÓN DE ÓRDENES DE COMPRA"]
[null,"Tienda Virtual del Estado Colombiano"]
[]
[null,"Número de Orden de Compra a modificar:",null,null,20169,null,null,"Número de modificación de la Orden de Compra:",null,null,1]
[]
[]
[null,"Entidad Compradora:",null,"INPEC - ESTABLECIMIENTO CARCELARIO LA MODELO BOGOTA",null,null,null,null,null,null,null,"NIT:","830032396-1"]
[]
[null,"Nombre del solicitante:",null,"PABLO ENRIQUE PAEZ MARIN",null,null,null,null,null,null,"Teléfono de contacto:",null,2628722]
[]
[null,"Proveedor :",null,"PANAMERICANA LIBRERÍA Y PAPELERIA"]
[]
[null,"Sección 1: Tipo de acción"]
[]
[null,"Tipo",null,"Modificación de la Orden de Compra"]
[]
[null,"Sección 2: Justificación de la modificación o de las acciones a realizar"]
[]
[null,"Se disminuye el valor total de la O.C.  20169 en $4.047.304=, para aplicar la exclusión de IVA que aplica para la entidad según lo normado en el Art. 130 de la Ley 633 de 2.000. Lo anterior con el objetivo de que la Orden de Compra refleje su valor total real que es de $21.301.600="]
[]
[null,"Sección 3:  Modificación información general"]
[]
[null,"Nombre del campo",null,"¿Requiere modificación Si/No?","Datos actuales",null,null,null,null,"Nuevos datos"]
[]
[null,"Actualizar supervisor",null,"NO","Nombre del supervisor actual",null,0,null,null,"Nombre nuevo supervisor"]
[]
[null,"Dirección y/o teléfono Supervisor",null,"NO","Teléfono actual supervisor",null,0,null,null,"Teléfono nuevo supervisor"]
[]
[null,"Fecha de vencimiento",null,"Ampliar fecha","   La fecha vencimiento actual se tomará de la TVEC al momento del cambio",null,null,null,null,"Nueva fecha de vencimiento",null,"2017-10-15"]
[]
[null,"Dirección y/o teléfono Entidad",null,"NO","Dirección / teléfono actual Entidad",null,0,null,null,"Nueva dirección / teléfono Entidad"]
[]
[]
[]
["Sección 4: Modificación de artículos y servicios"]
[]
["Tipo de modificación","Información actual",null,null,null,null,null,null,null,null,"Nueva información"]
[null,"Número de la línea según O.C.","Nombre del artículo",null,"Cantidad","Unidad de medida","Precio unitario","Total","Información presupuestal",null,"Nombre del artículo",null,"Cantidad","Unidad de medida","Precio unitario","Total","Información presupuestal"]
["Modificación de artículo o servicio",1,"TONER KYOCERA TK-1147 NEGRO",null,10,"Unidad",241927,{"$f":"ROUND(E40*G40, 2)","v":2419270},"12-08-00-114 EC MODELO BOGOTA D.C. - CDP 15217",null,{"$f":"C40","v":"TONER KYOCERA TK-1147 NEGRO"},null,10,"Unidad",203300,{"$f":"ROUND(M40*O40, 2)","v":2033000},"12-08-00-114 EC MODELO BOGOTA D.C. - CDP 15217"]
["Modificación de artículo o servicio",2,"TONER H.P. Q2612A NEGRO ",null,3,"Unidad",332367,997101,"12-08-00-114 EC MODELO BOGOTA D.C. - CDP 15217",null,"TONER H.P. Q2612A NEGRO ",null,3,"Unidad",279300,837900,"12-08-00-114 EC MODELO BOGOTA D.C. - CDP 15217"]
["Modificación de artículo o servicio",3,"TONER SAMSUNG MLT-D205L NEGRO",null,3,"Unidad",350336,{"$f":"ROUND(E42*G42, 2)","v":1051008},"12-08-00-114 EC MODELO BOGOTA D.C. - CDP 15217",null,{"$f":"C42","v":"TONER SAMSUNG MLT-D205L NEGRO"},null,3,"Unidad",294400,{"$f":"ROUND(M42*O42, 2)","v":883200},"12-08-00-114 EC MODELO BOGOTA D.C. - CDP 15217"]
["Modificación de artículo o servicio",4,"TONER SAMSUNG MLT-D104S NEGRO",null,6,"Unidad",208964,1253784,"12-08-00-114 EC MODELO BOGOTA D.C. - CDP 15217",null,"TONER SAMSUNG MLT-D104S NEGRO",null,6,"Unidad",175600,1053600,"12-08-00-114 EC MODELO BOGOTA D.C. - CDP 15217"]
["Modificación de artículo o servicio",5,"TONER SAMSUNG MLT-D105L NEGRO",null,2,"Unidad",259063,518126,"12-08-00-114 EC MODELO BOGOTA D.C. - CDP 15217",null,"TONER SAMSUNG MLT-D105L NEGRO",null,2,"Unidad",217700,435400,"12-08-00-114 EC MODELO BOGOTA D.C. - CDP 15217"]
["Modificación de artículo o servicio",6,"TONER XEROX 106R01531 NEGRO",null,2,"Unidad",817173,1634346,"12-08-00-114 EC MODELO BOGOTA D.C. - CDP 15217",null,"TONER XEROX 106R01531 NEGRO",null,2,"Unidad",686700,1373400,"12-08-00-114 EC MODELO BOGOTA D.C. - CDP 15217"]
["Modificación de artículo o servicio",7,"CINTA IMPRESORA EPSON FX-890",null,7,"Unidad",51170,358190,"12-08-00-114 EC MODELO BOGOTA D.C. - CDP 15217",null,"CINTA IMPRESORA EPSON FX-890",null,7,"Unidad",43000,301000,"12-08-00-114 EC MODELO BOGOTA D.C. - CDP 15217"]
["Modificación de artículo o servicio",8,"TONER H.P. CE255A NEGRO",null,2,"Unidad",587979,1175958,"12-08-00-114 EC MODELO BOGOTA D.C. - CDP 15217",null,"TONER H.P. CE255A NEGRO",null,2,"Unidad",494100,988200,"12-08-00-114 EC MODELO BOGOTA D.C. - CDP 15217"]
["Modificación de artículo o servicio",9,"TONER H.P. CB436A NEGRO",null,2,"Unidad",338079,676158,"12-08-00-114 EC MODELO BOGOTA D.C. - CDP 15217",null,"TONER H.P. CB436A NEGRO",null,2,"Unidad",284100,568200,"12-08-00-114 EC MODELO BOGOTA D.C. - CDP 15217"]
["Modificación de artículo o servicio",10,"TONER H.P CF 283A NEGRO",null,2,"Unidad",266322,{"$f":"ROUND(E49*G49, 2)","v":532644},"12-08-00-114 EC MODELO BOGOTA D.C. - CDP 15217",null,{"$f":"C49","v":"TONER H.P CF 283A NEGRO"},null,2,"Unidad",223800,{"$f":"ROUND(M49*O49, 2)","v":447600},"12-08-00-114 EC MODELO BOGOTA D.C. - CDP 15217"]
["Modificación de artículo o servicio",11,"CARTUCHO EPSON T664120-AL NEGRO",null,3,"Unidad",42840,128520,"12-08-00-114 EC MODELO BOGOTA D.C. - CDP 15217",null,"CARTUCHO EPSON T664120-AL NEGRO",null,3,"Unidad",36000,108000,"12-08-00-114 EC MODELO BOGOTA D.C. - CDP 15217"]
["Modificación de artículo o servicio",12,"CARTUCHO EPSON T664220-AL CIAN",null,3,"Unidad",42840,128520,"12-08-00-114 EC MODELO BOGOTA D.C. - CDP 15217",null,"CARTUCHO EPSON T664220-AL CIAN",null,3,"Unidad",36000,108000,"12-08-00-114 EC MODELO BOGOTA D.C. - CDP 15217"]
["Modificación de artículo o servicio",13,"CARTUCHO EPSON T664320-AL MAGENTA",null,3,"Unidad",42840,128520,"12-08-00-114 EC MODELO BOGOTA D.C. - CDP 15217",null,"CARTUCHO EPSON T664320-AL MAGENTA",null,3,"Unidad",36000,108000,"12-08-00-114 EC MODELO BOGOTA D.C. - CDP 15217"]
["Modificación de artículo o servicio",14,"CARTUCHO EPSON T664420-AL AMARILLO",null,3,"Unidad",42840,128520,"12-08-00-114 EC MODELO BOGOTA D.C. - CDP 15217",null,"CARTUCHO EPSON T664420-AL AMARILLO",null,3,"Unidad",36000,108000,"12-08-00-114 EC MODELO BOGOTA D.C. - CDP 15217"]
["Modificación de artículo o servicio",15,"CARTUCHO H.P. C6657AL TRICOLOR",null,2,"Unidad",213367,426734,"12-08-00-114 EC MODELO BOGOTA D.C. - CDP 15217",null,"CARTUCHO H.P. C6657AL TRICOLOR",null,2,"Unidad",179300,358600,"12-08-00-114 EC MODELO BOGOTA D.C. - CDP 15217"]
["Modificación de artículo o servicio",16,"CINTA IMPRESORA EPSON REF ERC-38B",null,26,"Unidad",7140,185640,"12-08-00-114 EC MODELO BOGOTA D.C. - CDP 15217",null,"CINTA IMPRESORA EPSON REF ERC-38B",null,26,"Unidad",6000,156000,"12-08-00-114 EC MODELO BOGOTA D.C. - CDP 15217"]
["Modificación de artículo o servicio",17,"CINTA PARA RELOJ DE CORRESPONDENCIA PIX3000X / NS5 13 MM",null,4,"Unidad",29274,117096,"12-08-00-114 EC MODELO BOGOTA D.C. - CDP 15217",null,"CINTA PARA RELOJ DE CORRESPONDENCIA PIX3000X / NS5 13 MM",null,4,"Unidad",24600,98400,"12-08-00-114 EC MODELO BOGOTA D.C. - CDP 15217"]
["Modificación de artículo o servicio",18,"ALMOHADILLA PARA SELLO RECTANGULAR MEDIANA",null,13,"Unidad",2023,26299,"12-08-00-114 EC MODELO BOGOTA D.C. - CDP 15217",null,"ALMOHADILLA PARA SELLO RECTANGULAR MEDIANA",null,13,"Unidad",1700,22100,"12-08-00-114 EC MODELO BOGOTA D.C. - CDP 15217"]
["Modificación de artículo o servicio",19,"CAJA PARA ARCHIVO INACTIVO 19,5 X 40 X 26 CMS. TIPO X-200",null,1000,"Unidad",2499,2499000,"12-08-00-114 EC MODELO BOGOTA D.C. - CDP 15217",null,"CAJA PARA ARCHIVO INACTIVO 19,5 X 40 X 26 CMS. TIPO X-200",null,1000,"Unidad",2100,2100000,"12-08-00-114 EC MODELO BOGOTA D.C. - CDP 15217"]
["Modificación de artículo o servicio",20,"GRAPA 26/6 X 5000 1/4\" 6 MM GALVANIZADA ESTÁNDAR",null,100,"Unidad",2023,202300,"12-08-00-114 EC MODELO BOGOTA D.C. - CDP 15217",null,"GRAPA 26/6 X 5000 1/4\" 6 MM GALVANIZADA ESTÁNDAR",null,100,"Unidad",1700,170000,"12-08-00-114 EC MODELO BOGOTA D.C. - CDP 15217"]
["Modificación de artículo o servicio",21,"GRAPA 13/13 X 1000 GALVANIZADA LISA",null,20,"Unidad",4403,88060,"12-08-00-114 EC MODELO BOGOTA D.C. - CDP 15217",null,"GRAPA 13/13 X 1000 GALVANIZADA LISA",null,20,"Unidad",3700,74000,"12-08-00-114 EC MODELO BOGOTA D.C. - CDP 15217"]
["Modificación de artículo o servicio",22,"CLIP ESTANDAR METALICO X 100 GEMA 5102",null,200,"Unidad",595,119000,"12-08-00-114 EC MODELO BOGOTA D.C. - CDP 15217",null,"CLIP ESTANDAR METALICO X 100 GEMA 5102",null,200,"Unidad",500,100000,"12-08-00-114 EC MODELO BOGOTA D.C. - CDP 15217"]
["Modificación de artículo o servicio",23,"CINTA POLIPROPIPLENO 48 MM X 100 MTS. TRANSPARENTE",null,20,"Unidad",4046,80920,"12-08-00-114 EC MODELO BOGOTA D.C. - CDP 15217",null,"CINTA POLIPROPIPLENO 48 MM X 100 MTS. TRANSPARENTE",null,20,"Unidad",3400,68000,"12-08-00-114 EC MODELO BOGOTA D.C. - CDP 15217"]
["Modificación de artículo o servicio",24,"CD-RW REGRABABLE SPINDLE X 25 VERBATIM",null,2,"Unidad",53550,107100,"12-08-00-114 EC MODELO BOGOTA D.C. - CDP 15217",null,"CD-RW REGRABABLE SPINDLE X 25 VERBATIM",null,2,"Unidad",45000,90000,"12-08-00-114 EC MODELO BOGOTA D.C. - CDP 15217"]
["Modificación de artículo o servicio",25,"DVD+R VERBATIM 4.7 GB 16X SPLINDER X 25 UNIDADES",null,2,"Unidad",29036,58072,"12-08-00-114 EC MODELO BOGOTA D.C. - CDP 15217",null,"DVD+R VERBATIM 4.7 GB 16X SPLINDER X 25 UNIDADES",null,2,"Unidad",24400,48800,"12-08-00-114 EC MODELO BOGOTA D.C. - CDP 15217"]
["Modificación de artículo o servicio",26,"TINTA PARA SELLOS DE CAUCHO 30 CM3 AZUL",null,5,"Unidad",1785,8925,"12-08-00-114 EC MODELO BOGOTA D.C. - CDP 15217",null,"TINTA PARA SELLOS DE CAUCHO 30 CM3 AZUL",null,5,"Unidad",1500,7500,"12-08-00-114 EC MODELO BOGOTA D.C. - CDP 15217"]
["Modificación de artículo o servicio",27,"TINTA P/SELLO CAUCHO X 30CC ROJA SPEKTRA",null,5,"Unidad",1904,9520,"12-08-00-114 EC MODELO BOGOTA D.C. - CDP 15217",null,"TINTA P/SELLO CAUCHO X 30CC ROJA SPEKTRA",null,5,"Unidad",1600,8000,"12-08-00-114 EC MODELO BOGOTA D.C. - CDP 15217"]
["Modificación de artículo o servicio",28,"GUANTE ZUBI-LA MULTIUSO NITRILO AZUL TALLA M CAJA",null,55,"Unidad",21063,1158465,"12-08-00-114 EC MODELO BOGOTA D.C. - CDP 15217",null,"GUANTE ZUBI-LA MULTIUSO NITRILO AZUL TALLA M CAJA",null,55,"Unidad",17700,973500,"12-08-00-114 EC MODELO BOGOTA D.C. - CDP 15217"]
["Modificación de artículo o servicio",29,"THINER DILUYENTE GALON X 3750 CC",null,5,"Unidad",25228,126140,"12-08-00-114 EC MODELO BOGOTA D.C. - CDP 15217",null,"THINER DILUYENTE GALON X 3750 CC",null,5,"Unidad",21200,106000,"12-08-00-114 EC MODELO BOGOTA D.C. - CDP 15217"]
["Modificación de artículo o servicio",30,"SOBRE MANILA 22.5 CM X 29 CM CARTA ATA",null,200,"Unidad",119,23800,"12-08-00-114 EC MODELO BOGOTA D.C. - CDP 15217",null,"SOBRE MANILA 22.5 CM X 29 CM CARTA ATA",null,200,"Unidad",100,20000,"12-08-00-114 EC MODELO BOGOTA D.C. - CDP 15217"]
["Modificación de artículo o servicio",31,"SOBRE MANILA 27 CM X 37 CM GIGANTE",null,200,"Unidad",119,23800,"12-08-00-114 EC MODELO BOGOTA D.C. - CDP 15217",null,"SOBRE MANILA 27 CM X 37 CM GIGANTE",null,200,"Unidad",100,20000,"12-08-00-114 EC MODELO BOGOTA D.C. - CDP 15217"]
["Modificación de artículo o servicio",32,"SOBRE MANILA 25 CM X 35 CM OFICIO ATA",null,211,"Unidad",119,25109,"12-08-00-114 EC MODELO BOGOTA D.C. - CDP 15217",null,"SOBRE MANILA 25 CM X 35 CM OFICIO ATA",null,211,"Unidad",100,21100,"12-08-00-114 EC MODELO BOGOTA D.C. - CDP 15217"]
["Modificación de artículo o servicio",33,"FORMA CONTINUA 9 1/2 X 11\" A 3 PARTES BLANCA X 1000",null,20,"Unidad",133756,2675120,"12-08-00-114 EC MODELO BOGOTA D.C. - CDP 15217",null,"FORMA CONTINUA 9 1/2 X 11\" A 3 PARTES BLANCA X 1000",null,20,"Unidad",112400,2248000,"12-08-00-114 EC MODELO BOGOTA D.C. - CDP 15217"]
["Modificación de artículo o servicio",34,"FORMA CONTINUA 9 1/2 X 13\" A 3 PARTES BLANCA X 1000",null,5,"Unidad",129234,646170,"12-08-00-114 EC MODELO BOGOTA D.C. - CDP 15217",null,"FORMA CONTINUA 9 1/2 X 13\" A 3 PARTES BLANCA X 1000",null,5,"Unidad",108600,543000,"12-08-00-114 EC MODELO BOGOTA D.C. - CDP 15217"]
["Modificación de artículo o servicio",35,"FORMA CONTINUA 9 1/2 X 5 1/2\" A 3 PARTES BLANCA X 3000",null,2,"Unidad",129948,259896,"12-08-00-114 EC MODELO BOGOTA D.C. - CDP 15217",null,"FORMA CONTINUA 9 1/2 X 5 1/2\" A 3 PARTES BLANCA X 3000",null,2,"Unidad",109200,218400,"12-08-00-114 EC MODELO BOGOTA D.C. - CDP 15217"]
["Modificación de artículo o servicio",36,"TONER KYOCERA NEGRO TK-1122",null,2,"Unidad",209440,418880,"12-08-00-114 EC MODELO BOGOTA D.C. - CDP 15217",null,"TONER KYOCERA NEGRO TK-1122",null,2,"Unidad",176000,352000,"12-08-00-114 EC MODELO BOGOTA D.C. - CDP 15217"]
["Modificación de artículo o servicio",37,"ETIQUETAS EN PAPEL TÉRMICO DE 250 RÓTULOS A 1 COLUMNA DE 10 CM X 3 X 2.5 CM",null,30,"Unidad",21420,642600,"12-08-00-114 EC MODELO BOGOTA D.C. - CDP 15217",null,"ETIQUETAS EN PAPEL TÉRMICO DE 250 RÓTULOS A 1 COLUMNA DE 10 CM X 3 X 2.5 CM",null,30,"Unidad",18000,540000,"12-08-00-114 EC MODELO BOGOTA D.C. - CDP 15217"]
["Modificación de artículo o servicio",38,"CARTUCHO H.P. CB337WL TRICOLOR DJ D4260",null,2,"Unidad",136850,273700,"12-08-00-114 EC MODELO BOGOTA D.C. - CDP 15217",null,"CARTUCHO H.P. CB337WL TRICOLOR DJ D4260",null,2,"Unidad",115000,230000,"12-08-00-114 EC MODELO BOGOTA D.C. - CDP 15217"]
["Modificación de artículo o servicio",39,"TINTA INVISIBLE PARA MARCAR PIEL REF. UV743EL X 946 ML (LITRO)",null,9,"Unidad",393057,3537513,"12-08-00-114 EC MODELO BOGOTA D.C. - CDP 15217",null,"TINTA INVISIBLE PARA MARCAR PIEL REF. UV743EL X 946 ML (LITRO)",null,9,"Unidad",330300,2972700,"12-08-00-114 EC MODELO BOGOTA D.C. - CDP 15217"]
["Modificación de artículo o servicio",40,"TINTA PARA RESEÑA SIRCHIE DE 2 OZ REF. 230T",null,6,"Unidad",79730,478380,"12-08-00-114 EC MODELO BOGOTA D.C. - CDP 15217",null,"TINTA PARA RESEÑA SIRCHIE DE 2 OZ REF. 230T",null,6,"Unidad",67000,402000,"12-08-00-114 EC MODELO BOGOTA D.C. - CDP 15217"]
[]
[null,null,null,null,null,null,"Cantidad de celdas a agregar:",null,31]
[]
[]
["Sección 5: Resultados de la modificación"]
[]
["Número de la línea según O.C.","Nombre del artículo",null,null,null,"Valores actuales",null,null,"Nuevos valores"]
[null,"Valor de la línea IVA en la Orden de Compra:",null,null,null,{"$f":"ROUND(M87, 2)","v":0},null,null,0,null,null,null,0]
[null,"Valor de la línea AIU en la Orden de Compra:"]
[null,"Valor de la línea gravámenes adicionales en la Orden de Compra:"]
[]
[null,null,null,null,null,null,null,null,null,null,null,"2017-09-13"]
[]
[]
[null,"Firma ordenador del gasto",null,null,null,null,"Firma de Proveedor",null,null,null,null,"Fecha de elaboración"]
[]
["Nombre:","CESAR AUGUSTO CEBALLOS GIRALDO",null,null,null,"Nombre:",null,null,null,null,"Las partes manifestamos que este mismo documento se cargará en la plataforma en formato Excel (.xlsm) y los cambios se pueden validar con el mismo."]
["Documento de Identidad:","C.C. 11433481",null,null,"Documento de Identidad:"]

{"sheet":"Instructivo de Diligenciamiento","index":1,"n_rows":4,"n_cols":2,"rows_kept":4,"cut":false,"hidden":false,"merged":[[3,1,82,10]]}
[]
[]
[]
[null,"Instrucciones de diligenciamiento:\n\nColombia Compra Eficiente ha diseñado este formato para que las Entidades Compradoras puedan realizar aclaraciones, modificaciones, cancelaciones o terminaciones y liquidaciones de las Órdenes de Compra que estén en ejecución y vigentes, o ejecutadas. Para ello debe indicar:\n\nDatos generales: Datos básicos como número de la Orden de Compra que requiere cambiar, número consecutivo de solicitud tenga en cuenta que la primera solicitud corresponderá a la número “1”, nombre de la Entidad Compradora, nombre de la persona que solicita las acciones, celular o número de teléfono y extensión, NIT de la Entidad Compradora y el nombre del Proveedor que ejecuta la Orden de Compra.\n\nSección 1. Tipo de acción: Las Entidades pueden solicitar cuatro tipos de acciones respecto de las Órdenes de Compra:\n\n(i) Aclaraciones: Son las indicaciones de cambio de información que no afectan el plazo, el valor o las condiciones contractuales de las Órdenes de Compra como: redacción en las condiciones de entrega, errores de digitación  o rectificación de la fecha de vencimiento. Estas aclaraciones no requieren de la aceptación del Proveedor. Sin embargo una vez realizada la aclaración en la Orden de Compra, la Entidad Compradora debe notificarle al Proveedor el cambio. \n\n(ii) Modificaciones: Son indicaciones de cambio en aumento o disminución de valor o plazo,  aumento o disminución de los bienes o servicios solicitados, cambios en las condiciones de ejecución o datos que afecten la ejecución de la Orden de Compra. Solo en los casos de cambio de supervisor y datos de notificación como dirección o teléfono se puede omitir la firma del Proveedor. Sin embargo una vez realizada la modificación, la Entidad Compradora debe notificarle al Proveedor el cambio.\n\n(iii) Cancelación: Es la manifestación de la Entidad de no iniciar la ejecución de la Orden de Compra la cual también debe ser aceptada por el Proveedor.\n\n(iv) Terminación y Liquidación: Este tipo de acción es mediante la cual una Entidad Compradora formaliza la terminación y liquidación de las obligaciones derivadas de la Orden de Compra y así establece las acreencias pendientes a favor o en contra de cada parte de la Orden de Compra, también sirve para aclarar la ejecución de la misma o realizar la terminación anticipada en caso de que las partes así lo deseen. Este tipo de acción se debe aplicar dentro de los términos establecidos en cada Acuerdo Marco de Precios, para lo cual se requiere la solicitud por parte de la Entidad Compradora firmada por el Ordenador del Gasto y el representante legal del Proveedor, así como el informe del supervisor de la Orden de Compra. \n\nSección 2.  Justificación: Las razones de la realización del cambio de la Orden de Compra.\n\nSección 3. Modificación información general: la idea en esta sección es indicar cuales son los datos de información general de la orden de compra que requiere cambiar\n\nSección 4. Modificación de artículos o servicios: esta sección unicamente aplica en caso de que la acción a realizar sea modificar o terminar y liquidar la orden de compra, allí deberá indicar el tipo de midificación que desea realizar e ingresar o modificar los articulos que desea ajustar. Al momento de diligenciar esta sección tenga en cuenta las siguientes recomendaciones:\n\n(i) Las correcciones en el plazo de ejecución son diferentes a las modificaciones en el plazo, ejemplo: la Entidad Compradora adquirió elementos con tres entregas parciales pero digitó como fecha final de la Orden de Compra la fecha de la primera entrega, para corregir esto la Entidad Compradora selecciona en tipo de acción: aclaración y en el campo de fecha de vencimiento indica la fecha correcta. En el caso que fuera cambio de fecha fin, ejemplo: prorrogar o disminuir varios meses la ejecución de la Orden de Compra se utiliza en tipo de acción: modificación.\n\n(ii) para la realización de las modificaciones tenga en cuenta las secciones de modificación de cada una de las guías de compra\n\n(iii) los valores y cantidades solo pueden tener hasta dos decimales.\n\n(iv) la decisión de modificar, adicionar o combinar las dos opciones dependerá de las necesidades de cada Entidad Compradora, ejemplo si es un servicio y adicionalmente solo requiere modificar “cantidad” se recomienda seleccionar “modificación de artículo”, cuando son bienes puede modificar cualquiera de los demás campos.\n\n(v) si requiere cambio de condiciones de un servicio ya ejecutado se recomienda modificar la línea para que se refleje la parte ejecutada y adicionar una nueva línea para las nuevas condiciones del servicio que va a ejecutar.\n\nSección 5. Resultados de la modificación: La entidad siempre debe indicar en el recuadro el valor total del IVA, AIU, gravámenes adicionales, estos campos serán los valores finales que quedarán en la Orden de Compra después de la modificación, tenga en cuenta que el campo de IVA no aplica para algunos AMP como: papelería, vehículos y SOAT y que el campo de AIU solo aplica para aseo y cafetería.\n\nFirmas del documento: El ordenador del gasto de la Entidad Compradora debe firmar el documento y enviarlo al Proveedor para que lo acepte y firme, en caso de que así se requiera. El documento firmado debe ser enviado a través del aplicativo dispuesto por   Colombia Compra Eficiente para realizar las acciones solicitadas.\n\nFecha de elaboración del documento: Corresponde a la fecha en la que la Entidad Compradora y el Proveedor llegaron a un acuerdo para realizar las acciones y se suscribe el documento, recuerde que: (i) para poder realizar modificaciones en las Órdenes de Compra las mismas se deben acordar dentro de la vigencia de la Orden de Compra, (ii) Las órdenes de compra no se podrán modificar si ya se encuentran vencidas, (iii) Se da por realizada la modificación o acción que requiera realizar la Entidad, desde le momento en que las partes la firmen. Colombia Compra Eficiente lo único que realiza en la Tienda Virtual es el proceso de publicación de la modificación o ajuste que las partes hayan acordado a través de la firma de este documento. \n\nSi la Entidad Compradora requiere agregar archivos que estén relacionados con las acciones a realizar como: copia del CDP y/o aprobación de Vigencia Futura (VF) que soporta la adición, soportes documentales, correos, cartas, etc... debe publicarlos junto con el documento de modificación suscrito en un único archivo .Pdf con alta resolución de escaneo, si el documento no es legible se tomaran los cambios contenidos en el formato Excel, tenga en cuenta que Colombia Compra Eficiente únicamente publicará las modificaciones especificadas en el formato enviado por el aplicativo.\n\n"]

{"sheet":"Listas","index":2,"n_rows":5,"n_cols":3,"rows_kept":5,"cut":false,"hidden":true,"merged":[]}
["TipoDeModificacion",null,"Modificacion"]
["Modificación de la Orden de Compra",null,"Modificación de artículo o servicio"]
["Aclaración a la Orden de Compra",null,"Agregar nuevo artículo o servicio"]
["Cancelación de la Orden de Compra",null,"Eliminar artículo o servicio"]
["Terminación y Liquidación de la Orden de Compra",null,"Ninguna"]